Oferta académica y realidad nacional /

Reflexiona sobre la oferta académica universitaria y la realidad nacional. En este sentido, la educación universitaria debe servir a la sociedad y, como en una sociedad democrática el gobierno de turno refleja los intereses que persigue la sociedad, la Universidad sin perder su autonomía debe adecua...

Descrizione completa

Salvato in:
Dettagli Bibliografici
Autore principale: Solís Fallas, Ottón
Natura: testo
Soggetti:
Tags: Aggiungi Tag
Nessun Tag, puoi essere il primo ad aggiungerne!!

MARC

LEADER 00000 a a2200000 04500
001 12873
003
040
100 |a Solís Fallas, Ottón  
245 |a Oferta académica y realidad nacional /  |c Ottón Solís Fallas 
520 |a Reflexiona sobre la oferta académica universitaria y la realidad nacional. En este sentido, la educación universitaria debe servir a la sociedad y, como en una sociedad democrática el gobierno de turno refleja los intereses que persigue la sociedad, la Universidad sin perder su autonomía debe adecuar su oferta académica a los lineamientos establecidos en el Plan Nacional de Desarrollo. De esta manera se indican las ramas que en este momento el país demanda, tales como gerentes públicos y privados para desarrollar al país e incentivar las exportaciones, también debe vigorizarse la discusión sobre la temática nacional y el aporte de los intelectuales. AR/MR  
650 |a UNIVERSIDADES  
650 |a EDUCACION  
650 |a PRESUPUESTO DE LA EDUCACION  
650 |a UNIVERSIDAD NACIONAL, CR  
650 |a PLANIFICACION DE LA EDUCACION  
773 |g número 37 -38; páginas 15-27  
999 |c 24972  |d 24972 
773 0 |0 41758  |9 4804  |a Universidad Nacional de Costa Rica.  |d Heredia, Costa Rica: UNA 1975-  |o MFN: 1133  |t Praxis /